El misterio pascual en el año cristiano

Kaydedildi:
Detaylı Bibliyografya
Yazar: Jenny, Henry (Yazar)
Materyal Türü: Kitap
Dil:İspanyolca
Baskı/Yayın Bilgisi: Barcelona Estela 1965
Konular:
Etiketler: Etiketle
Etiket eklenmemiş, İlk siz ekleyin!

MARC

LEADER 00000nam a2200000 a 4500
001 UCR2042
003 CL-VaPUC
008 980109e19650000SP |||||||||||||||||spa|d
082 0 4 |a 263  |b JEN  |2 21 
100 |a Jenny, Henry  |e author  |9 483140 
245 1 3 |a El misterio pascual en el año cristiano 
300 |a 133 p 
942 |c BK 
945 |d 19980109 00:00:00  |a jquezada 
260 |a Barcelona  |b Estela  |c 1965 
600 0 |a Iglesia católica  |9 255129 
600 0 |a Dios  |9 314467 
650 0 |a Misterio pascual   |9 399539 
650 0 |a Cristianismo  |9 257361 
650 0 |a Adviento  |9 318605 
650 0 |a Navidad   |9 355004 
650 7 |a PASTORAL  |2 CL-VaPUC  |9 397996 
650 7 |a EPIFANIA  |2 CL-VaPUC  |9 399264 
650 0 |a Cuaresma   |9 399326 
650 0 |a Semana Santa  |9 399216 
650 0 |a Pentecostés   |9 313600 
650 7 |a CONCILIO  |2 CL-VaPUC  |9 399317 
583 |a last modification  |c 19980109 00:00:00  |k Rodrigo Vera 
999 |c 265317  |d 265315 
952 |0 0  |1 0  |4 0  |6 263_000000000000000_JEN_1965  |7 0  |8 A  |9 296188  |a BIBTEO  |b BIBTEO  |d 2019-11-20  |i 3372626  |o 263 JEN 1965  |p 3372626  |r 2025-01-17  |w 2019-11-20  |y BK  |k ICR